Ljubov i chrest Mykuly

Bibliographic Details
Main Author: Durunda, Andrij, 1956- (Author)
Format: Article
Language:Slovak
Ukrainian
Subjects:

MARC

LEADER 00000cab a2200000 a 4500
001 vtls008951076
003 SK-MaSNL
005 20260304134433.0
008 250505c2006 xo qr p 000 c0slo
015 |a SNBRB2007/03 
035 |a (uuid)124c01d7-af3a-4237-8439-4e663daeef79 
035 |a urn:nbn:sk:snk-abc1e7 
035 |a (urnnbn)urn:nbn:sk:snk:ar-001077 
038 |a SVKPOCL 
040 |a SNKBUCL  |b slo  |c SNKBUCL  |e AACR2 
041 0 |a ukr 
044 |a xo  |c SK 
080 |a 821.161.2-32  |2 2001 
100 1 |a Durunda, Andrij,  |d 1956-  |4 aut  |9 1149132 
245 1 0 |a Ljubov i chrest Mykuly  |c Andrij Durunda 
300 |b Fotogr. 
650 0 7 |a ukrajinská literatúra  |2 svkpocl  |9 1218 
650 0 7 |a ukrajinská próza  |2 svkpocl  |9 82745 
655 7 |a dedinské poviedky  |2 svkpocl  |9 469438 
655 7 |a ukrajinské poviedky  |2 svkpocl  |9 70503 
773 0 |t Duklja  |g Rič. 54 , No 4 (2006), s. 34-38 
850 |a Slovenská národná knižnica 
852 |a Slovenská národná knižnica 
958 |a article15 
958 |a UK 
958 |a LX 
958 |a UA 
958 |a SK 
958 |a OND 
958 |a EUIPO 
999 |c 2906835  |d 2908765